Les animaux en "M" - Statistiques

Statistiques générales
  • Ce quiz a été pris 3 094 fois
    2 985 depuis la dernière actualisation
  • Le résultat moyen est 11 sur 33
Statistiques - réponses
Réponse % Correct
Mouche
70%
Mouton
68%
Moustique
62%
Moule
49%
Mygale
49%
Manchot
46%
Marmotte
46%
Merle
43%
Mule
42%
Musaraigne
42%
Macaque
40%
Mangouste
40%
Mouette
38%
Mante religieuse
36%
Marsouin
36%
Mesange
35%
Moineau
31%
Mulot
31%
Morse
30%
Meduse
29%
Mulet
29%
Mite
27%
Morue
26%
Mille pattes
23%
Martin Pecheur
22%
Murene
22%
Merlan
21%
Martre
20%
Merou
19%
Macareux
13%
Marabou
12%
Mouflette
12%
Muflon
4%
Aucun quiz correspondant
Distribution des résultats
% des personnes avec chaque résultat
Percentile par nombre de réponses
Votre historique - résultats
Vous n’avez pas pris ce quiz depuis la dernière actualisation